00371nam a2200133Ia 45000010005000000080041000050200022000460820021000681000030000892450053001192600024001729010026001969990015002223762241024s9999 xx 000 0 und d a978-9945-00-792-3 aRD/860.903/C965j aRodolfo de Jesús Cuevas 0aEl Jven y El Shamán. Encuentro de generaciones bSanto Domingoc2013 a1/5/2014 2:17:11 p.m. c7913d7913